Quick Pick: Copa América Winners Quiz Stats

 Plays Quiz Updated Dec 2, 2017

Challenge
Share
Tweet
Embed
Score 0/8 Timer 01:00
0 Plays Today
% Correct
Brazil
92.6%
Argentina
91.2%
Uruguay
86%
Chile
84.7%
Colombia
83.1%
Paraguay
64.8%
Peru
60.3%
Bolivia
38.8%

Today's Daily Dose

Missing Word
Entertainment 'L'

Word Ladder
Fingers

Quick Pick
When in Rome

On This Day
December 15th II

You're not logged in!

Compare scores with friends on all Sporcle quizzes.
OR
Log In

You Might Also Like...

Show Comments

Extras

Top Quizzes Today


Score Distribution

Your Account Isn't Verified!

In order to create a playlist on Sporcle, you need to verify the email address you used during registration. Go to your Sporcle Settings to finish the process.

Report this User

Report this user for behavior that violates our Community Guidelines.

Details: